书目信息 |
| 题名: |
趣味随机问题
|
|
| 作者: | 孙荣恒 著 | |
| 分册: | ||
| 出版信息: | 北京 科学出版社 2015.04 |
|
| 页数: | 16,201页 | |
| 开本: | 24cm | |
| 丛书名: | 好玩的数学 | |
| 单 册: | ||
| 中图分类: | O211-49 | |
| 科图分类: | ||
| 主题词: | 数学--随机--普及读物 | |
| 电子资源: | ||
| ISBN: | 978-7-03-043575-0 | |
| 000 | 01061oam2 2200277 450 | |
| 001 | 012015041384 | |
| 005 | 20170502101757.65 | |
| 010 | @a978-7-03-043575-0@dCNY35.00 | |
| 100 | @a20150414d2015 ekmy0chiy50 ea | |
| 101 | 0 | @achi |
| 102 | @aCN@b110000 | |
| 105 | @aa z 000yy | |
| 106 | @ar | |
| 200 | 1 | @a趣味随机问题@9qu wei sui ji wen ti@f孙荣恒著 |
| 205 | @a3版@b修订版 | |
| 210 | @a北京@c科学出版社@d2015.04 | |
| 215 | @a16,201页@c图@d24cm | |
| 225 | 2 | @a好玩的数学 |
| 330 | @a本书分为概率论、数理统计、随机过程三部分,每部分包含若干个趣味问题。其中有分赌注问题、巴拿赫火柴盒问题、波利亚坛子问题、巴格达窃贼问题、赌徒输光问题、群体(氏族)灭绝问题等历史名题,也有许多介绍新内容、新方法的问题。本书内容有趣,应用广泛。能启迪读者的思维,开阔读者的视野,增强读者的提出问题、分析问题与解决问题的能力。 | |
| 333 | @a数学爱好者 | |
| 461 | 0 | @12001 @a好玩的数学 |
| 606 | 0 | @a数学@x随机@j普及读物 |
| 690 | @aO211-49@v5 | |
| 701 | 0 | @a孙荣恒@9sun rong heng@f(1939-)@4著 |
| 801 | 0 | @aCN@b人天书店@c20150415 |
| 905 | @b989384-87@dO211-49@e360=3@f4 | |
| 趣味随机问题/孙荣恒著.-3版,修订版.-北京:科学出版社,2015.04 |
| 16,201页:图;24cm.-(好玩的数学) |
| 使用对象:数学爱好者 |
| ISBN 978-7-03-043575-0:CNY35.00 |
| 本书分为概率论、数理统计、随机过程三部分,每部分包含若干个趣味问题。其中有分赌注问题、巴拿赫火柴盒问题、波利亚坛子问题、巴格达窃贼问题、赌徒输光问题、群体(氏族)灭绝问题等历史名题,也有许多介绍新内容、新方法的问题。本书内容有趣,应用广泛。能启迪读者的思维,开阔读者的视野,增强读者的提出问题、分析问题与解决问题的能力。 |
| ● |
| 相关链接 |
|
|
|
|
正题名:趣味随机问题
索取号:O211-49/360=3
 
预约/预借
| 序号 | 登录号 | 条形码 | 馆藏地/架位号 | 状态 | 备注 |
| 1 | 989384 | 209893846 | 第二样本阅览室/ [索取号:O211-49/360=3] | 在馆 | |
| 2 | 989385 | 209893855 | 第三借阅区/ [索取号:O211-49/360=3] | 在馆 | |
| 3 | 989386 | 209893864 | 第三借阅区/ [索取号:O211-49/360=3] | 在馆 | |
| 4 | 989387 | 209893873 | 密集书库-数信学院/ [索取号:O211-49/360=3] | 在馆 |